| 000 | 01700nam a2200361 a 4500 | ||
|---|---|---|---|
| 001 | ebr10476817 | ||
| 003 | CaPaEBR | ||
| 006 | m u | ||
| 007 | cr cn||||||||| | ||
| 008 | 100121s2010 nyu sb 001 0 eng d | ||
| 010 | _z 2010000099 | ||
| 020 | _z9780875867861 (trade paper : alk. paper) | ||
| 020 | _z9780875867878 (case laminate : alk. paper) | ||
| 020 | _z9780875867885 (e-book) | ||
| 040 |
_aCaPaEBR _cCaPaEBR |
||
| 035 | _a(OCoLC)693781083 | ||
| 043 | _an-us--- | ||
| 050 | 1 | 4 |
_aHJ4651 _b.S54 2010eb |
| 082 | 0 | 4 |
_a336.240973/09034 _222 |
| 100 | 1 | _aShepard, Christopher Michael. | |
| 245 | 1 | 4 |
_aThe Civil War income tax and the Republican Party, 1861-1872 _h[electronic resource] / _cChristopher Shepard. |
| 260 |
_aNew York : _bAlgora Pub., _cc2010. |
||
| 300 | _a196 p. | ||
| 504 | _aIncludes bibliographical references and index. | ||
| 505 | 0 | _aThe American system -- Formation of the Republican Party -- First federal income tax, 1861 -- The revision of 1862 -- The 1864 tax law -- The attempt of a flat tax rate, 1865-1868 -- A deep divide, 1870 -- One last try, 1871 -- Republicans since 1872. | |
| 533 |
_aElectronic reproduction. _bPalo Alto, Calif. : _cebrary, _d2011. _nAvailable via World Wide Web. _nAccess may be limited to ebrary affiliated libraries. |
||
| 610 | 2 | 0 |
_aRepublican Party (U.S. : 1854- ) _xHistory. |
| 650 | 0 |
_aIncome tax _zUnited States _xHistory _y19th century. |
|
| 651 | 0 |
_aUnited States _xHistory _yCivil War, 1861-1865 _xFinance. |
|
| 655 | 7 |
_aElectronic books. _2local |
|
| 710 | 2 | _aebrary, Inc. | |
| 856 | 4 | 0 |
_uhttp://site.ebrary.com/lib/rucke/Doc?id=10476817 _zAn electronic book accessible through the World Wide Web; click to view |
| 999 |
_c116625 _d116625 |
||